Subsector Educación Matemática
Saved in:
| Institution som forfatter: | |
|---|---|
| Format: | Bog |
| Sprog: | spansk |
| Udgivet: |
Santiago
Ministerio de Educación
2006
|
| Serier: | Programas de Estudio Educación Básica de Adultos
|
| Fag: | |
| Tags: |
Tilføj Tag
Ingen Tags, Vær først til at tagge denne postø!
|
MARC
| LEADER | 00000cam a2200000 a 4500 | ||
|---|---|---|---|
| 001 | UCG9302 | ||
| 003 | CL-VaPUC | ||
| 008 | 120309e20061100CL |||||||||||||||||spa|d | ||
| 020 | |a 9562921360 | ||
| 082 | 0 | 4 | |a 372.7 |b MIN |2 21 |
| 110 | 2 | |a Ministerio de Educación |e author |9 560796 | |
| 245 | 1 | 0 | |a Subsector Educación Matemática |
| 300 | |a 208 p | ||
| 942 | |c BK | ||
| 945 | |d 20120309 00:00:00 |a dcastane | ||
| 260 | |a Santiago |b Ministerio de Educación |c 2006 | ||
| 650 | 0 | |a Matemáticas |x Enseñanza |9 875527 | |
| 650 | 0 | |a Métodos de enseñanza |9 270413 | |
| 650 | 0 | |a Matemática |9 260235 | |
| 583 | |a last modification |c 20120316 10:35:12 |k Rodrigo Vera | ||
| 490 | 0 | |a Programas de Estudio Educación Básica de Adultos | |
| 999 | |c 346860 |d 346858 | ||
| 952 | |0 0 |1 0 |4 0 |6 372_700000000000000_MIN_2006 |7 0 |8 R |9 447795 |a BIBEDU |b BIBEDU |d 2019-11-22 |i 4839250 |o 372.7 MIN 2006 |p 4839250 |r 2019-11-22 |w 2019-11-22 |y BK_R |k EPE | ||